[Event "1st Sergiy Shystarev Memorial 2020"]
[Site "Kyiv"]
[Date "2020.08.31"]
[Round "9.3"]
[White "Solodovnichenko, Yuri"]
[Black "Matviishen, Viktor"]
[Result "1/2-1/2"]
[WhiteElo "2553"]
[BlackElo "2505"]
[Annotator "TA"]
[PlyCount "190"]
[EventDate "2020.08.25"]
[EventCountry "UKR"]
[SourceTitle "playchess.com"]
[Source "ChessBase"]
[SourceQuality "1"]

{[%evp 15,190,20,10,11,8,0,0,0,-16,-33,-39,-34,-18,-17,-16,-19,-22,-25,-25,-20,-22,-17,-12,-15,0,-23,-24,-45,-43,-49,-28,-34,0,0,-7,-4,0,-1,0,0,0,0,0,0,0,0,0,0,0,0,0,0,0,0,0,0,0,0,0,0,0,0,0,0,0,0,0,0,0,0,0,0,0,-8,-8,-33,-32,-32,-32,-39,-39,-39,-45,-46,-47,-140,-39,-39,-40,-40,-39,-39,-8,-8,0,0,0,0,0,-202,-8,-8,-12,-60,-8,-8,-8,-8,0,0,0,-8,0,0,0,0,0,0,0,0,0,0,0,0,0,0,0,0,0,0,0,0,0,0,0,0,0,0,0,0,0,0,0,0,0,0,0,0,0,0,0,0,0,0,0,0,0,0,0,0,0,0,0,0,0,0,0,0,0,0,0,0,0,0,0,0,0]} 1. e4 c5 2. Nf3 d6 3. d4 cxd4 4. Nxd4 Nf6 5. Nc3 a6 6. Be3 e5 7. Nb3 Be6 8. Qd2 Nbd7 9. O-O-O {B90: Sicilian Najdorf: Unusual White 6th moves, 6 Be3 Ng4 and 6 Be3 e5.} Be7 10. f4 b5 11. h3 O-O 12. g4 b4 13. Nd5 a5 {[%cal Ba6a5,Ba5a4][%mdl 32] White must now prevent ...Bxd5.} 14. Nxe7+ Qxe7 15. Qxd6 Qxd6 16. Rxd6 Nxe4 17. Ra6 a4 {[#]} 18. Nd2 $146 ({Predecessor:} 18. Rxa8 Rxa8 19. Nd2 Nxd2 20. Bxd2 exf4 21. Bg2 Rc8 22. Bxb4 Bxa2 23. Rd1 Be6 24. Bd6 g5 25. Bb7 Rc4 26. Bd5 f5 27. Bxe6+ {1-0 (27) Gromotka,H (2250)-Petrigin,O (2225) ICCF email 2014}) 18... Nxd2 19. Bxd2 b3 20. axb3 axb3 {[#] Strongly threatening ...Rxa6.} 21. cxb3 Bxb3 22. Ra3 Rfc8+ 23. Kb1 Bd5 24. Rh2 Rxa3 25. bxa3 Be4+ 26. Kb2 Rc2+ 27. Kb3 Nc5+ 28. Kb4 exf4 29. Bxf4 Nd3+ $1 30. Bxd3 Bxd3 $11 {[%mdl 4096] Endgame KRB-KRB} 31. Bd2 f6 32. a4 Kf7 33. a5 Ke6 34. Kb3 Kd5 35. Rf2 Rc8 36. Be3 Ke4 37. Bb6 Rc1 38. Kb4 Rc4+ 39. Kb3 Rc1 40. Kb4 Rh1 41. Ra2 Rxh3 42. a6 Bxa6 43. Rxa6 {KRB-KR} Rg3 44. Kc4 Rxg4 45. Bd4 h5 {[%mdl 1024] Black has compensation.} 46. Re6+ Kf5 47. Re3 h4 48. Kd3 $1 Rf4 49. Bb6 g5 50. Bc7 ({White should play} 50. Ke2 $1 $15) 50... Ra4 (50... Rf2 $17 51. Bd6 Rb2) 51. Rf3+ $15 Kg6 52. Ke2 f5 53. Rc3 f4 {next ...g4 is good for Black.} 54. Bd8 Rd4 55. Bxg5 Kxg5 $11 {KR-KR} 56. Kf3 Rd5 57. Ra3 $2 (57. Rc8 $11 {and White is okay.}) 57... Kf5 $2 (57... h3 $19 {And now ...Rb5 would win.} 58. Ra8 Rd3+ 59. Ke2 Rd6) 58. Rb3 Rc5 {Threatens to win with ...h3.} 59. Ra3 h3 (59... Rb5 $15 60. Ra8 Rb3+ 61. Kf2 Rc3 62. Rf8+ Kg5 63. Rg8+ Kf5 64. Rf8+ Kg4 65. Rg8+ Kh3) 60. Ra8 {The position is equal.} Rc3+ 61. Kf2 Rc2+ 62. Kf3 Rc3+ 63. Kf2 Re3 64. Rf8+ Ke4 65. Re8+ Kd3 66. Rd8+ Kc3 67. Rf8 h2 68. Kg2 $1 {[#]} f3+ $1 69. Kxh2 (69. Rxf3 Rxf3) 69... Kd2 {...Ke1 is the strong threat.} 70. Ra8 Ke1 71. Ra1+ $1 Kf2 72. Rb1 $1 Re2 73. Ra1 $1 Rd2 74. Rb1 Rd6 {[%cal Rd6h6]} (74... Rd7 $5 75. Rb2+ $8 Ke3 $11) 75. Rb2+ Ke3 76. Rb3+ Ke2 77. Rb2+ Rd2 78. Rb1 Kf2 (78... Rd1 $5 79. Rb2+ $8 Rd2 $11) 79. Ra1 Re2 80. Rb1 Re1 81. Rb2+ Ke3 82. Rb3+ Kf4 83. Rb4+ $1 Re4 (83... Ke3 $5 {[%cal Rf3f2]} 84. Rb3+ Kf2 85. Rb2+ Re2 $15) 84. Rb8 Re1 {aiming for ...f2.} 85. Rb4+ $1 Ke3 {Hoping for ...f2.} 86. Rb3+ Kf2 87. Rb2+ Re2 (87... Kf1 $5 88. Kg3 $8 Re3 89. Rb1+ Re1 90. Rxe1+ Kxe1 91. Kxf3 $11) 88. Rb1 Ra2 89. Rc1 Rd2 (89... Ra7 $5 90. Rc2+ $8 Ke3 $11) 90. Ra1 Rd7 {[%cal Rd7h7]} 91. Ra2+ Ke3 {( -> ...Rd2+)} 92. Ra3+ Rd3 (92... Kf2 $5 93. Ra2+ $8 Ke3 $11) 93. Ra1 Ke2 94. Kg3 f2+ 95. Kg2 Rd2 {Accuracy: White = 95%, Black = 90%.} 1/2-1/2

[Event "1st Sergiy Shystarev Memorial 2020"]
[Site "Kyiv"]
[Date "2020.08.31"]
[Round "9.5"]
[White "Malakhatko, Vadim"]
[Black "Kornijchuk, Volodymyr"]
[Result "1-0"]
[WhiteElo "2488"]
[BlackElo "2121"]
[Annotator "TA"]
[PlyCount "61"]
[EventDate "2020.08.25"]
[EventCountry "UKR"]
[SourceTitle "playchess.com"]
[Source "ChessBase"]
[SourceQuality "1"]

{[%evp 13,61,32,51,20,52,29,21,31,27,30,37,32,75,80,78,58,70,70,58,68,82,65,81,61,61,65,79,76,181,119,127,175,253,248,360,352,341,228,227,220,263,280,427,495,706,704,687,686,1338,1308]} 1. Nf3 Nf6 2. c4 e6 3. g3 d5 4. Bg2 c5 5. cxd5 exd5 6. d4 Nc6 7. O-O Bg4 8. Ne5 {D30: Queen's Gambit Declined: Systems without Nc3.} Be6 9. Nxc6 bxc6 10. dxc5 {The position is equal.} Bxc5 11. Qc2 Qb6 12. Nc3 {Strongly threatening Na4.} Bd4 13. Na4 Qb5 14. Rd1 Be5 15. Be3 O-O 16. Rac1 {[#]} Rfe8 $146 ({Predecessor:} 16... Rab8 17. b3 a5 18. Bd4 Bxd4 19. Rxd4 Nd7 20. e4 c5 21. exd5 cxd4 22. dxe6 d3 {1-0 (31) Rumph,T (2051)-Milliken,W (1681) San Francisco 2010}) 17. b3 Bd7 18. Bf3 Bd6 19. Bc5 Bc7 20. Bd4 {aiming for Nc3.} Ne4 (20... Be5 $16) 21. Bxe4 (21. Qb2 $18 {Threatens to win with Bxe4.} Ng5 22. Bxg7) 21... dxe4 $16 {[#]} 22. Bxg7 $1 {[%mdl 512]} Qf5 (22... Bg4 $142) (22... Kxg7 23. Rxd7) 23. Bb2 $18 Qh3 {[#]} (23... Be5 $142 24. Bxe5 Rxe5) 24. Qc5 $1 {Qg5+ would kill now.} Bf5 {With the idea ...Re6.} 25. Qxc6 $40 {[%mdl 128] White wants a kill.} e3 {[#] ( -> ...exf2+)} 26. Qg2 $1 exf2+ 27. Qxf2 Rad8 (27... Be5 {is a better defense.} 28. Bxe5 Rxe5) 28. Rf1 {White is clearly winning.} Rd2 (28... Bxg3 $142 29. Qxg3+ Qxg3+ 30. hxg3 Bg4) 29. Qxf5 Qxf5 30. Rxf5 Rexe2 31. Rxc7 {[%mdl 64] Double Attack. Accuracy: White = 91%, Black = 41%.} 1-0

[Event "1st Sergiy Shystarev Memorial 2020"]
[Site "Kyiv"]
[Date "2020.08.31"]
[Round "9.6"]
[White "Zubarev, Alexander"]
[Black "Hryzlova, Sofiia"]
[Result "1-0"]
[WhiteElo "2430"]
[BlackElo "1940"]
[Annotator "TA"]
[PlyCount "87"]
[EventDate "2020.08.25"]
[EventCountry "UKR"]
[SourceTitle "playchess.com"]
[Source "ChessBase"]
[SourceQuality "1"]

{[%evp 12,87,33,32,64,66,75,78,134,124,132,137,147,100,99,77,107,95,127,115,154,137,156,133,141,152,258,245,296,291,398,401,371,377,450,371,364,347,409,412,443,377,376,360,379,371,370,369,358,366,363,317,307,322,387,343,371,374,367,358,367,336,336,336,375,372,378,371,792,758,1079,1063,29971,29971,5657,-341,5617,5610]} 1. d4 Nf6 2. c4 e6 3. g3 c5 4. Nf3 cxd4 5. Nxd4 Nc6 6. Bg2 Qb6 {6...Qb6 scores better than 6...Bc5.} 7. Nc2 Bc5 {A32: Symmetrical English: 2 Nf3 Nf6 3 d4 cxd4 4 Nxd4 e6.} 8. O-O Ng4 {[%cal Rg4f2]} 9. e3 {[#]} Nge5 $146 ({Better is} 9... Nf6) ({Predecessor:} 9... f5 10. Nc3 O-O 11. Na4 Qa5 12. Nxc5 Qxc5 13. b3 Rf6 14. Ba3 Qe5 15. Bd6 Qa5 {1-0 (38) Litzka,M (2074)-Waldner,A (1996) Germany 2016}) 10. Nc3 $16 Be7 11. b3 O-O 12. e4 a6 13. Be3 Qa5 {[#]} 14. Bd2 $1 Qc7 15. f4 $36 {[%mdl 2048] Keeping Black busy.} Nd3 16. Be3 Ndb4 17. Ne1 {Hoping for a3.} Na5 18. e5 f6 (18... Rb8 $16 19. Ba7 Ra8) 19. exf6 $18 Bxf6 20. Na4 Nbc6 {With the idea ...b5.} 21. Bb6 Qb8 22. Rc1 Bd8 23. c5 d5 24. Qd2 Bd7 25. Nf3 Bc7 26. b4 Ne7 27. Bxc7 ({Not} 27. bxa5 Bxa4 28. Nd4 Bd7 $16) 27... Qxc7 28. Nb6 ({Weaker is} 28. bxa5 Bxa4 29. Rfe1 Bd7 $16) 28... Nac6 29. Nxa8 Rxa8 30. Rfe1 Rf8 31. a3 Nf5 32. Bf1 b5 33. Bd3 g6 34. Bxf5 gxf5 35. Ne5 Rf6 36. Qb2 Rh6 37. Nf3 Be8 38. Rc3 Rg6 39. Rce3 Bd7 $2 (39... Qe7 40. Ne5 Rf6) 40. Nh4 Rh6 {[#]} 41. Nxf5 $1 {[%mdl 512]} exf5 {[#]} 42. Re8+ $1 {[%mdl 512]} Bxe8 43. Rxe8+ Kf7 {[#]} 44. Qh8 $1 {[%mdl 512] Accuracy: White = 94%, Black = 48%.} 1-0